000
00219nam a22000857a 4500
008
170130b xxu||||| |||| 00| 0 eng d
100
_9
2677
_a
Shah.V.et al
245
_a
Cmmunity lay Leader(CLHTC)
260
_a
Vellore
_b
CMC
_c
2011
999
_c
5832
_d
5832